Geography Multi-select #33 - Statistics

General Stats
  • This quiz has been taken 23 times
  • The average score is 61 of 90
Answer Stats
Question Tile Select % Correct
sovereign states with a coastline on the Sea of Japan. Japan Yes
95%
sovereign states with a coastline on the Sea of Japan. Malaysia No
95%
sovereign states with a coastline on the Sea of Japan. Mongolia No
95%
sovereign states with a coastline on the Sea of Japan. Philippines No
95%
U.S. states that have a land border with Illinois. Tennessee No
95%
sovereign states with a coastline on the Sea of Japan. Vietnam No
90%
sovereign states with at least one national capital (of any type) whose name begins with “Y.” Central African Republic No
86%
JetPunk sovereign states where some variety of Chinese is a nationwide official or co-official language. China Yes
86%
cities, towns and districts in Botswana with a population greater than 60,000 (2022). Gaborone Yes
86%
national capitals of a sovereign state whose English language JetPunk name begins with “U.” Gaborone No
86%
national capitals of a sovereign state whose English language JetPunk name begins with “U.” Moroni No
86%
five of the smallest economies in Oceania (GDP, 2024). Nauru Yes
86%
sovereign states with at least one national capital (of any type) whose name begins with “Y.” Netherlands No
86%
sovereign states with a coastline on the Sea of Japan. North Korea Yes
86%
five of the smallest economies in Oceania (GDP, 2024). Palau Yes
86%
five of the smallest economies in Oceania (GDP, 2024). Papua New Guinea No
86%
sovereign states with at least one national capital (of any type) whose name begins with “Y.” Republic of the Congo No
86%
JetPunk sovereign states where some variety of Chinese is a nationwide official or co-official language. Samoa No
86%
national capitals of a sovereign state whose English language JetPunk name begins with “U.” San Salvador No
86%
five of the smallest economies in Oceania (GDP, 2024). Solomon Islands No
86%
national capitals of a sovereign state whose English language JetPunk name begins with “U.” St. George's No
86%
U.S. states that have a land border with Illinois. Wisconsin Yes
86%
national capitals of a sovereign state whose English language JetPunk name begins with “U.” Yerevan No
86%
sovereign states with at least one national capital (of any type) whose name begins with “Y.” Armenia Yes
81%
sovereign states with a coastline on the Mar de Grau. Egypt No
81%
five of the smallest economies in Oceania (GDP, 2024). Fiji No
81%
sovereign states with at least one national capital (of any type) whose name begins with “Y.” Guinea No
81%
sovereign states with at least one national capital (of any type) whose name begins with “Y.” Guyana No
81%
JetPunk sovereign states where some variety of Chinese is a nationwide official or co-official language. Indonesia No
81%
JetPunk sovereign states where some variety of Chinese is a nationwide official or co-official language. Japan No
81%
national capitals of a sovereign state whose English language JetPunk name begins with “U.” Montevideo Yes
81%
cities, towns and districts in Botswana with a population greater than 60,000 (2022). Parakarungu No
81%
JetPunk sovereign states where some variety of Chinese is a nationwide official or co-official language. Philippines No
81%
current National Historic Landmarks located in Colorado. Pikes Peak Yes
81%
JetPunk sovereign states where some variety of Chinese is a nationwide official or co-official language. Taiwan Yes
81%
five of the smallest economies in Oceania (GDP, 2024). Tuvalu Yes
81%
national capitals of a sovereign state whose English language JetPunk name begins with “U.” Abu Dhabi Yes
76%
sovereign states with at least one national capital (of any type) whose name begins with “Y.” Cameroon Yes
76%
sovereign states with a coastline on the Mar de Grau. Germany No
76%
U.S. states that have a land border with Illinois. Indiana Yes
76%
sovereign states with at least one national capital (of any type) whose name begins with “Y.” Ivory Coast Yes
76%
national capitals of a sovereign state whose English language JetPunk name begins with “U.” Kampala Yes
76%
five of the smallest economies in Oceania (GDP, 2024). Kiribati Yes
76%
national capitals of a sovereign state whose English language JetPunk name begins with “U.” London Yes
76%
U.S. states that have a land border with Illinois. Minnesota No
76%
sovereign states with a coastline on the Mar de Grau. Namibia No
76%
sovereign states with a coastline on the Sea of Japan. Russia Yes
76%
JetPunk sovereign states where some variety of Chinese is a nationwide official or co-official language. Singapore Yes
76%
sovereign states with a coastline on the Sea of Japan. South Korea Yes
76%
sovereign states with a coastline on the Mar de Grau. Australia No
71%
Delaware municipalities with a population greater than 12,000 (2020). Dover Yes
71%
Delaware municipalities with a population greater than 12,000 (2020). Elsmere No
71%
U.S. states that have a land border with Illinois. Iowa Yes
71%
U.S. states that have a land border with Illinois. Missouri Yes
71%
cities, towns and districts in Botswana with a population greater than 60,000 (2022). Mmadikola No
71%
JetPunk sovereign states where some variety of Chinese is a nationwide official or co-official language. Mongolia No
71%
U.S. states that have a land border with Illinois. Ohio No
71%
sovereign states with a coastline on the Mar de Grau. Samoa No
71%
cities, towns and districts in Botswana with a population greater than 60,000 (2022). Mokgenene No
67%
sovereign states with at least one national capital (of any type) whose name begins with “Y.” Nauru Yes
67%
Delaware municipalities with a population greater than 12,000 (2020). New Castle No
67%
current National Historic Landmarks located in Colorado. Raton Mesa No
67%
sovereign states with a coastline on the Mar de Grau. Argentina No
62%
cities, towns and districts in Botswana with a population greater than 60,000 (2022). Chobokwane No
62%
five of the smallest economies in Oceania (GDP, 2024). Marshall Islands Yes
62%
U.S. states that have a land border with Illinois. Michigan No
62%
Delaware municipalities with a population greater than 12,000 (2020). Wilmington Yes
62%
sovereign states with a coastline on the Mar de Grau. Colombia No
57%
current National Historic Landmarks located in Colorado. Garden of the Gods No
57%
U.S. states that have a land border with Illinois. Kentucky Yes
57%
JetPunk sovereign states where some variety of Chinese is a nationwide official or co-official language. Malaysia No
57%
Delaware municipalities with a population greater than 12,000 (2020). Rehoboth Beach No
57%
Delaware municipalities with a population greater than 12,000 (2020). Delaware City No
52%
cities, towns and districts in Botswana with a population greater than 60,000 (2022). Molepolole Yes
52%
sovereign states with a coastline on the Mar de Grau. Brazil No
48%
cities, towns and districts in Botswana with a population greater than 60,000 (2022). Francistown Yes
48%
Delaware municipalities with a population greater than 12,000 (2020). Newark Yes
48%
five of the smallest economies in Oceania (GDP, 2024). Vanuatu No
48%
current National Historic Landmarks located in Colorado. Spanish Peaks No
43%
current National Historic Landmarks located in Colorado. Trujillo Homesteads Yes
38%
Delaware municipalities with a population greater than 12,000 (2020). Smyrna Yes
33%
current National Historic Landmarks located in Colorado. Indian Springs Trace Fossil Site No
29%
Delaware municipalities with a population greater than 12,000 (2020). Middletown Yes
29%
sovereign states with a coastline on the Mar de Grau. Peru Yes
24%
cities, towns and districts in Botswana with a population greater than 60,000 (2022). Maun Yes
19%
cities, towns and districts in Botswana with a population greater than 60,000 (2022). Mogoditshane Yes
19%
sovereign states with a coastline on the Sea of Japan. China No
14%
current National Historic Landmarks located in Colorado. Granada Relocation Center Yes
14%
current National Historic Landmarks located in Colorado. Philadelphia Toboggan Company Carousel #6 Yes
10%
current National Historic Landmarks located in Colorado. Temple Aaron Yes
10%
No matching quizzes found
Score Distribution
Percent of People with Each Score
Percentile by Number Answered
Your Score History
You have not taken this quiz